| 000 | 00339nam a2200133Ia 4500 | ||
|---|---|---|---|
| 008 | 240624s9999 xx 000 0 und d | ||
| 041 | _aeng | ||
| 082 | _a200 KAK | ||
| 100 | _aKAK SAMEER | ||
| 245 | _aREFLECTIONS ON THE NATURE OF THINGS | ||
| 260 |
_c2006 _aNew Delhi _bAllied Publishers |
||
| 300 | _a162 : p. : cm. ; 24 | ||
| 365 |
_cRS _b30 |
||
| 999 |
_c4345 _d4345 |
||